Statistics for 1978 College Football AP Poll

Click here to take the quiz!

General Stats

  • This quiz has been taken 12 times
  • The average score is 277 of 300

Answer Stats

WeekRankTeamWLTConference% Correct
Preseason1Alabama00SEC
100%
Week 1 (9/11)1Alabama10SEC
100%
Week 9 (11/6)3Alabama81SEC
100%
Week 8 (10/30)3Alabama71SEC
100%
Week 7 (10/23)3Alabama61Southwest
100%
Week 10 (11/13)3Alabama91SEC
100%
Week 6 (10/16)4Alabama51SEC
100%
Week 11 (11/20)2Alabama91SEC
100%
Week 5 (10/9)7Alabama41SEC
100%
Week 12 (11/27)2Alabama91SEC
100%
Week 3 (9/25)7Alabama21SEC
100%
Week 13 (12/4)2Alabama101SEC
100%
Week 2 (9/18)1Alabama20SEC
100%
Postseason1Alabama111SEC
100%
Week 4 (10/2)8Alabama31SEC
100%
Week 10 (11/13)7Michigan81Big Ten
100%
Week 7 (10/23)8Michigan51Big Ten
100%
Week 3 (9/25)4Michigan20Big Ten
100%
Week 13 (12/4)5Michigan101Big Ten
100%
Week 9 (11/6)7Michigan71Big Ten
100%
Week 2 (9/18)5Michigan10Big Ten
100%
Week 12 (11/27)5Michigan101Big Ten
100%
Week 4 (10/2)3Michigan30Big Ten
100%
Preseason6Michigan00Big Ten
100%
Week 8 (10/30)8Michigan61Big Ten
100%
Week 6 (10/16)9Michigan41Big Ten
100%
Postseason5Michigan102Big Ten
100%
Week 5 (10/9)5Michigan40Big Ten
100%
Week 11 (11/20)6Michigan91Big Ten
100%
Week 1 (9/11)4Michigan00Big Ten
100%
Week 9 (11/6)4Nebraska81Big Eight
100%
Week 6 (10/16)5Nebraska51Big Eight
100%
Week 5 (10/9)8Nebraska41Big Eight
100%
Week 13 (12/4)6Nebraska92Big Eight
100%
Week 3 (9/25)12Nebraska21Big Eight
100%
Week 12 (11/27)6Nebraska92Big Eight
100%
Week 8 (10/30)4Nebraska71Big Eight
100%
Week 10 (11/13)2Nebraska91Big Eight
100%
Week 11 (11/20)7Nebraska92Big Eight
100%
Preseason10Nebraska00Big Eight
100%
Week 1 (9/11)12Nebraska11Big Eight
100%
Week 4 (10/2)10Nebraska31Big Eight
100%
Postseason8Nebraska93Big Eight
100%
Week 7 (10/23)4Nebraska61Big Eight
100%
Week 2 (9/18)12Nebraska21Big Eight
100%
Preseason5Notre Dame00Independent
100%
Week 8 (10/30)15Notre Dame52Independent
100%
Week 2 (9/18)14Notre Dame01Independent
100%
Week 11 (11/20)8Notre Dame82Independent
100%
Week 10 (11/13)10Notre Dame72Independent
100%
Week 9 (11/6)14Notre Dame62Independent
100%
Week 12 (11/27)10Notre Dame83Independent
100%
Week 7 (10/23)19Notre Dame42Independent
100%
Week 6 (10/16)20Notre Dame32Independent
100%
Postseason7Notre Dame93Independent
100%
Week 13 (12/4)10Notre Dame83Independent
100%
Week 1 (9/11)15Notre Dame01Independent
100%
Week 1 (9/11)6Ohio State00Big Ten
100%
Week 10 (11/13)19Ohio State621Big Ten
100%
Week 3 (9/25)13Ohio State11Big Ten
100%
Week 2 (9/18)16Ohio State01Big Ten
100%
Preseason7Ohio State00Big Ten
100%
Week 5 (10/9)16Ohio State211Big Ten
100%
Week 11 (11/20)16Ohio State721Big Ten
100%
Week 12 (11/27)20Ohio State731Big Ten
100%
Week 13 (12/4)20Ohio State731Big Ten
100%
Week 4 (10/2)14Ohio State21Big Ten
100%
Week 6 (10/16)1Oklahoma60Big Eight
100%
Week 9 (11/6)1Oklahoma90Big Eight
100%
Postseason3Oklahoma111Big Eight
100%
Week 4 (10/2)1Oklahoma40Big Eight
100%
Week 11 (11/20)4Oklahoma101Big Eight
100%
Week 12 (11/27)4Oklahoma101Big Eight
100%
Week 5 (10/9)1Oklahoma50Big Eight
100%
Week 1 (9/11)3Oklahoma10Big Eight
100%
Week 10 (11/13)4Oklahoma91Big Eight
100%
Week 13 (12/4)4Oklahoma101Big Eight
100%
Week 8 (10/30)1Oklahoma80Big Eight
100%
Week 3 (9/25)1Oklahoma30Big Eight
100%
Week 7 (10/23)1Oklahoma70Big Eight
100%
Preseason4Oklahoma00Big Eight
100%
Week 2 (9/18)3Oklahoma20Big Eight
100%
Preseason8Texas00Southwest
100%
Week 9 (11/6)6Texas61Southwest
100%
Week 12 (11/27)14Texas73Southwest
100%
Week 11 (11/20)9Texas72Southwest
100%
Week 1 (9/11)7Texas00Southwest
100%
Week 10 (11/13)9Texas62Southwest
100%
Week 5 (10/9)12Texas31Southwest
100%
Week 7 (10/23)7Texas51Southwest
100%
Week 13 (12/4)14Texas83Southwest
100%
Week 2 (9/18)6Texas10Southwest
100%
Week 3 (9/25)6Texas20Southwest
100%
Week 4 (10/2)6Texas30Southwest
100%
Week 8 (10/30)7Texas61Southwest
100%
Postseason9Texas93Southwest
100%
Week 6 (10/16)8Texas41Southwest
100%
Preseason9USC00Pacific-10
100%
Week 11 (11/20)3USC91Pacific-10
100%
Week 5 (10/9)2USC40Pacific-10
100%
Week 9 (11/6)5USC71Pacific-10
100%
Postseason2USC121Pacific-10
100%
Week 1 (9/11)8USC10Pacific-10
100%
Week 7 (10/23)6USC51Pacific-10
100%
Week 4 (10/2)2USC40Pacific-10
100%
Week 12 (11/27)3USC101Pacific-10
100%
Week 6 (10/16)7USC41Pacific-10
100%
Week 10 (11/13)5USC81Pacific-10
100%
Week 2 (9/18)7USC20Pacific-10
100%
Week 3 (9/25)3USC30Pacific-10
100%
Week 13 (12/4)3USC111Pacific-10
100%
Week 8 (10/30)6USC61Pacific-10
100%
Week 6 (10/16)14Arizona State51Pacific-10
91%
Week 7 (10/23)12Arizona State51Pacific-10
91%
Week 9 (11/6)16Arkansas52Southwest
91%
Postseason11Arkansas921Southwest
91%
Week 8 (10/30)17Arkansas42Southwest
91%
Week 1 (9/11)2Arkansas00Southwest
91%
Week 13 (12/4)8Arkansas92Southwest
91%
Week 2 (9/18)2Arkansas10Southwest
91%
Week 3 (9/25)2Arkansas20Southwest
91%
Week 6 (10/16)3Arkansas40Southwest
91%
Week 5 (10/9)3Arkansas40Southwest
91%
Week 12 (11/27)8Arkansas82Southwest
91%
Preseason2Arkansas00Southwest
91%
Week 7 (10/23)9Arkansas41Southwest
91%
Week 4 (10/2)4Arkansas30Southwest
91%
Week 10 (11/13)13Arkansas62Southwest
91%
Week 11 (11/20)11Arkansas72Southwest
91%
Week 7 (10/23)20Clemson51ACC
91%
Week 9 (11/6)15Clemson71ACC
91%
Postseason6Clemson111ACC
91%
Week 8 (10/30)16Clemson61ACC
91%
Week 13 (12/4)7Clemson101ACC
91%
Week 12 (11/27)7Clemson101ACC
91%
Week 11 (11/20)10Clemson91ACC
91%
Preseason18Clemson00ACC
91%
Week 10 (11/13)12Clemson81ACC
91%
Week 2 (9/18)19Colorado20Big Eight
91%
Week 3 (9/25)16Colorado30Big Eight
91%
Week 4 (10/2)13Colorado40Big Eight
91%
Week 5 (10/9)13Colorado50Big Eight
91%
Week 4 (10/2)18Florida State31Independent
91%
Preseason17Florida State00Independent
91%
Week 2 (9/18)13Florida State20Independent
91%
Week 1 (9/11)16Florida State10Independent
91%
Week 5 (10/9)15Florida State41Independent
91%
Week 3 (9/25)10Florida State30Independent
91%
Week 7 (10/23)16Georgia51SEC
91%
Postseason16Georgia921SEC
91%
Week 13 (12/4)11Georgia911SEC
91%
Week 8 (10/30)13Georgia61SEC
91%
Week 12 (11/27)11Georgia811SEC
91%
Week 10 (11/13)8Georgia81SEC
91%
Week 11 (11/20)12Georgia811SEC
91%
Week 9 (11/6)11Georgia71SEC
91%
Week 3 (9/25)19Georgia20SEC
91%
Week 6 (10/16)18Georgia41SEC
91%
Week 9 (11/6)10LSU61SEC
91%
Week 6 (10/16)16LSU41SEC
91%
Week 8 (10/30)12LSU51SEC
91%
Week 10 (11/13)17LSU62SEC
91%
Week 1 (9/11)13LSU00SEC
91%
Week 5 (10/9)11LSU40SEC
91%
Week 4 (10/2)11LSU30SEC
91%
Preseason13LSU00SEC
91%
Week 2 (9/18)10LSU10SEC
91%
Week 3 (9/25)11LSU20SEC
91%
Week 7 (10/23)14LSU51SEC
91%
Week 10 (11/13)11Maryland91ACC
91%
Week 13 (12/4)13Maryland92ACC
91%
Week 11 (11/20)13Maryland92ACC
91%
Week 12 (11/27)13Maryland92ACC
91%
Week 9 (11/6)13Maryland81ACC
91%
Postseason20Maryland93ACC
91%
Week 5 (10/9)10Maryland50ACC
91%
Week 8 (10/30)5Maryland80ACC
91%
Week 3 (9/25)15Maryland30ACC
91%
Week 7 (10/23)5Maryland70ACC
91%
Week 1 (9/11)20Maryland10ACC
91%
Week 6 (10/16)6Maryland60ACC
91%
Week 4 (10/2)12Maryland40ACC
91%
Week 2 (9/18)18Maryland20ACC
91%
Week 13 (12/4)18Missouri74Big Eight
91%
Week 7 (10/23)13Missouri52Big Eight
91%
Week 6 (10/16)13Missouri42Big Eight
91%
Week 12 (11/27)18Missouri74Big Eight
91%
Week 2 (9/18)17Missouri11Big Eight
91%
Week 5 (10/9)19Missouri32Big Eight
91%
Postseason15Missouri84Big Eight
91%
Week 1 (9/11)11Missouri10Big Eight
91%
Week 11 (11/20)19Missouri74Big Eight
91%
Week 3 (9/25)14Missouri21Big Eight
91%
Postseason18NC State93ACC
91%
Week 4 (10/2)20NC State40ACC
91%
Preseason19North Carolina00ACC
91%
Week 12 (11/27)1Penn State110Independent
91%
Week 5 (10/9)3Penn State60Independent
91%
Week 4 (10/2)5Penn State50Independent
91%
Week 6 (10/16)2Penn State60Independent
91%
Week 13 (12/4)1Penn State110Independent
91%
Week 3 (9/25)5Penn State40Independent
91%
Week 10 (11/13)1Penn State100Independent
91%
Week 11 (11/20)1Penn State100Independent
91%
Week 7 (10/23)2Penn State70Independent
91%
Week 2 (9/18)3Penn State30Independent
91%
Week 1 (9/11)5Penn State20Independent
91%
Postseason4Penn State111Independent
91%
Week 8 (10/30)2Penn State80Independent
91%
Week 9 (11/6)2Penn State90Independent
91%
Preseason3Penn State00Independent
91%
Week 12 (11/27)17Purdue821Big Ten
91%
Week 13 (12/4)17Purdue821Big Ten
91%
Postseason13Purdue921Big Ten
91%
Week 8 (10/30)14Purdue61Big Ten
91%
Week 11 (11/20)18Purdue721Big Ten
91%
Week 9 (11/6)12Purdue71Big Ten
91%
Week 10 (11/13)15Purdue711Big Ten
91%
Week 6 (10/16)19Purdue41Big Ten
91%
Week 7 (10/23)17Purdue51Big Ten
91%
Postseason17Stanford84Pacific-10
91%
Week 4 (10/2)17Stanford31Pacific-10
91%
Week 3 (9/25)20Stanford21Pacific-10
91%
Week 5 (10/9)18Stanford32Pacific-10
91%
Week 4 (10/2)7Texas A&M30Southwest
91%
Week 6 (10/16)12Texas A&M41Southwest
91%
Week 3 (9/25)8Texas A&M20Southwest
91%
Week 1 (9/11)10Texas A&M10Southwest
91%
Week 5 (10/9)6Texas A&M40Southwest
91%
Preseason16Texas A&M00Southwest
91%
Postseason19Texas A&M84Southwest
91%
Week 2 (9/18)9Texas A&M10Southwest
91%
Week 7 (10/23)10UCLA61Pacific-10
91%
Week 13 (12/4)15UCLA83Pacific-10
91%
Postseason14UCLA831Pacific-10
91%
Week 9 (11/6)9UCLA81Pacific-10
91%
Week 3 (9/25)18UCLA21Pacific-10
91%
Week 12 (11/27)15UCLA83Pacific-10
91%
Week 2 (9/18)8UCLA20Pacific-10
91%
Week 1 (9/11)9UCLA10Pacific-10
91%
Week 11 (11/20)17UCLA83Pacific-10
91%
Week 5 (10/9)14UCLA41Pacific-10
91%
Preseason12UCLA00Pacific-10
91%
Week 8 (10/30)9UCLA71Pacific-10
91%
Week 10 (11/13)14UCLA82Pacific-10
91%
Week 4 (10/2)16UCLA31Pacific-10
91%
Week 6 (10/16)10UCLA51Pacific-10
91%
Week 9 (11/6)19Washington63Pacific-10
91%
Week 2 (9/18)15Washington11Pacific-10
91%
Week 8 (10/30)20Washington53Pacific-10
91%
Week 1 (9/11)18Washington01Pacific-10
91%
Preseason11Washington00Pacific-10
91%
Week 4 (10/2)19Auburn30SEC
82%
Week 11 (11/20)20Iowa State83Big Eight
82%
Week 1 (9/11)19Iowa State10Big Eight
82%
Week 2 (9/18)20Iowa State20Big Eight
82%
Week 4 (10/2)15Iowa State40Big Eight
82%
Week 5 (10/9)20Iowa State41Big Eight
82%
Week 13 (12/4)19Iowa State83Big Eight
82%
Week 3 (9/25)17Iowa State30Big Eight
82%
Preseason20Iowa State00Big Eight
82%
Week 12 (11/27)19Iowa State83Big Eight
82%
Week 1 (9/11)17Kentucky00SEC
82%
Preseason15Kentucky00SEC
82%
Week 13 (12/4)12Michigan State83Big Ten
82%
Postseason12Michigan State83Big Ten
82%
Week 10 (11/13)16Michigan State63Big Ten
82%
Week 12 (11/27)12Michigan State83Big Ten
82%
Week 8 (10/30)18Michigan State43Big Ten
82%
Week 11 (11/20)14Michigan State73Big Ten
82%
Week 9 (11/6)17Michigan State53Big Ten
82%
Week 8 (10/30)11Navy70Independent
82%
Week 9 (11/6)18Navy71Independent
82%
Week 6 (10/16)17Navy50Independent
82%
Week 7 (10/23)18Navy60Independent
82%
Week 2 (9/18)11Pittsburgh10Independent
82%
Preseason14Pittsburgh00Independent
82%
Week 5 (10/9)9Pittsburgh40Independent
82%
Week 4 (10/2)9Pittsburgh30Independent
82%
Week 11 (11/20)15Pittsburgh82Independent
82%
Week 6 (10/16)15Pittsburgh41Independent
82%
Week 8 (10/30)19Pittsburgh52Independent
82%
Week 3 (9/25)9Pittsburgh20Independent
82%
Week 13 (12/4)16Pittsburgh83Independent
82%
Week 7 (10/23)15Pittsburgh51Independent
82%
Week 1 (9/11)14Pittsburgh00Independent
82%
Week 12 (11/27)16Pittsburgh83Independent
82%
Week 10 (11/13)18Pittsburgh72Independent
82%
Week 9 (11/6)20Pittsburgh62Independent
82%
Week 8 (10/30)10Houston61Southwest
73%
Week 5 (10/9)17Houston31Southwest
73%
Postseason10Houston93Southwest
73%
Week 9 (11/6)8Houston71Southwest
73%
Week 13 (12/4)9Houston92Southwest
73%
Week 12 (11/27)9Houston82Southwest
73%
Week 10 (11/13)6Houston81Southwest
73%
Week 6 (10/16)11Houston41Southwest
73%
Week 11 (11/20)5Houston81Southwest
73%
Week 7 (10/23)11Houston51Southwest
73%
Week 10 (11/13)20Georgia Tech72Independent
64%

Score Distribution

Percentile by Number Answered

Percent of People with Each Score

Your Score History

You have not taken this quiz